Appendici huic inest quadruplex Psalterium / (Record no. 156306)

MARC details
000 -LEADER
campo de control de longitud fija 00859nam a22002055i 4500
001 - NÚMERO DE CONTROL
campo de control 156306
003 - IDENTIFICADOR DE NÚMERO DE CONTROL
campo de control ES-MaACL
005 - FECHA Y HORA DE LA ÚLTIMA TRANSACCIÓN
campo de control 20250821063054.0
008 - DATOS DE LONGITUD FIJA--INFORMACIÓN GENERAL
campo de control de longitud fija 000713s1516 sz |||| | lat d
040 ## - FUENTE DE CATALOGACIÓN
Centro catalogador/agencia de origen EXT
Lengua de catalogación spa
Centro/agencia transcriptor EXT
100 0# - ENTRADA PRINCIPAL--NOMBRE DE PERSONA
Nombre de persona Jerónimo,
Títulos y otros términos asociados al nombre Santo
9 (RLIN) 66343
245 10 - MENCIÓN DEL TÍTULO
Título Appendici huic inest quadruplex Psalterium /
Mención de responsabilidad, etc. videlicet hebraeum, et hebraica veritas diuo Hieronymo interprete, graecum et aeditio vulgata latina autore incerto.
260 ## - PUBLICACIÓN, DISTRIBUCIÓN, ETC.
Lugar de publicación, distribución, etc. [S.l. :
Nombre del editor, distribuidor, etc. s.n.,
Fecha de publicación, distribución, etc. s.a.]
300 ## - DESCRIPCIÓN FÍSICA
Extensión [96] h. ;
Dimensiones 37 cm.
594 ## - Nota al título y mención de responsabilidad
Nota al título y mención de responsabilidad Texto paralelo griego-latín y latín-hebreo en pág. encaradas.
596 ## - NOTA AL PIE DE IMPRENTA
NOTA AL PIE DE IMPRENTA Lugar y fecha de cabecera tomados del v. de port.: "Basileae, 1516"
597 ## - NOTA DE DESCRIPCIÓN FÍSICA
NOTA DE DESCRIPCIÓN FÍSICA Sign.: A-Q6.
852 ## - LOCALIZACIÓN
Ubicación ES-MaACL
Número de control de estantería R-1526(2)
Nota libre -- Enc. piel grab. con hierros
condición física -- Falto de la port.
Encuadernación Olim:G-2195-2200
Holdings
Estatus retirado Estado de pérdida Estado de daño No para préstamo Biblioteca de origen Biblioteca actual Ubicación en estantería Fecha de adquisición Total de préstamos Signatura topográfica completa Código de barras Visto por última vez Precio de reemplazo Tipo de ítem Koha
        Biblioteca del Ateneo de Madrid Biblioteca del Ateneo de Madrid Depósito 17/01/2008   R-1522-27(2) 1163529 23/02/2023 23/02/2023 Libro impreso